00481nam a2200169Ia 450000500170000000800410001702000180005808200130007610000120008924500240010126000360012530000120016165000180017394200060019195200990019799900150029620250509053352.0240331s9999 xx 000 0 und d a9789558354223 bNISa891 aNisha,K 0aRailukku neramatchu aColombobGanam Pathippagmc2008 a80 p ., aShort Stories cL 001040708LaWERCLbWERCLcSSCd2024-03-31l0o 894.811 NISp6602r2024-03-31w2024-03-31yL c4975d4975